Statistics for Biggest US States by Population A-W

Click here to take the quiz!

General Stats

  • This quiz has been taken 53 times
  • The average score is 18 of 19

Answer Stats

LetterState% Correct
DDelaware
100%
GGeorgia
100%
AArizona
98%
CCalifornia
98%
HHawaii
98%
KKentucky
98%
LLouisiana
98%
NNew York
98%
OOhio
98%
FFlorida
96%
PPennsylvania
96%
UUtah
96%
IIllinois
94%
TTexas
94%
VVirginia
94%
RRhode Island
92%
SSouth Carolina
90%
WWashington
90%
MMichigan
88%

Score Distribution

Percentile by Number Answered

Percent of People with Each Score

Your Score History

You have not taken this quiz